| 000 | 00349 a2200157 4500 | ||
|---|---|---|---|
| 001 | 190304 | ||
| 020 | _a978-85-61167-31-8 | ||
| 040 | _cMagnum | ||
| 100 | _aMontalverne Neto, Rosana | ||
| 240 | 1 | 0 |
_aMeu pai é uma figura _lpor |
| 245 | 1 | 0 | _aMeu pai é uma figura |
| 300 | _a40 | ||
| 362 | 0 | _a2011 | |
| 697 | _aLITERATURA INFANTO | ||
| 942 | _cBK | ||
| 999 |
_c190304 _d190304 |
||